000 00641nam a2200217Ia 4500
005 20260429112127.0
008 260429s9999||||xx |||||||||||||| ||und||
020 _a9788196941147
041 _aEnglish
082 _a342.59
_bMEN
100 _aMenon, K. P. Seema
245 0 _aIndian constitution democracy and social justice :
_ba multidisciplinary discussion /
_cK. P. Seema Menon
250 _a1st ed.
260 _aNew Delhi :
_bKanishka Publishers, Distributors,
_c2024.
300 _axiii, 266 p.; hb
650 _a Democracy
650 _a India
650 _aConstitution
700 _a Aji Narayanan, K. K.
942 _cTB
999 _c52489
_d52489